Proceedings of the international conference on e-Learning 2016 e-Learning 2016

Saved in:
Bibliographic Details
Corporate Author: International conference on e-learning Bratislava, Slovenská republika (Author, e-Learning 16)
Other Authors: Chudá, Daniela, 1970- (Editor), Rothkranz, Leon (Editor), Smrikarov, Angel (Editor), Vassilev, Tzvetomir (Editor), Smrikarova, Stoyanka (Editor), Aliev, Yuksel (Editor)
Format: Conference Proceeding Book
Language:English
Published: Bratislava, Slovenská republika [European Commission] 2016
Edition:1. vyd.
Tags: Add Tag
No Tags, Be the first to tag this record!

MARC

LEADER 00000nam a22000003a 4500
001 0025348
003 SK-STU
005 20221207100404.5
007 ta
008 170717s ----xo-----e------100-0-----d
022 |a 2367-6698 
040 |a STU  |b slo 
041 0 |a eng 
044 |a xo 
111 2 |a International conference on e-learning  |d 8. - 9. 9. 2016  |c Bratislava, Slovenská republika  |e e-Learning 16  |4 aut 
245 1 0 |a Proceedings of the international conference on e-Learning 2016  |b e-Learning 2016  |c ed. Daniela Chudá, Leon Rothkranz, Angel Smrikarov, Tzvetomir Vassilev, S Smrikarova, Yuksel Aliev 
250 |a 1. vyd. 
260 |a Bratislava, Slovenská republika  |b [European Commission]  |c 2016 
300 |a 214 s. 
700 1 |a Chudá, Daniela,  |d 1970-  |r Z1  |4 edt  |X 38061  |7 000038061 
700 1 |a Rothkranz, Leon  |4 edt 
700 1 |a Smrikarov, Angel  |4 edt 
700 1 |a Vassilev, Tzvetomir  |4 edt 
700 1 |a Smrikarova, Stoyanka  |4 edt 
700 1 |a Aliev, Yuksel  |4 edt 
996 |c I*Z11077  |l I  |s A  |a 24  |w 0025348_0001